000 00449nam a2200193Ia 4500
999 _c48909
_d48909
003 0100
005 20190724152225.0
008 130303s9999 xx 000 0 und d
020 _a0226025934
040 _cARRUPELIB
050 _aHM211.A7 1958
100 _aArendt, Hannah
_911129
245 4 _aThe Human Condition
260 _aChicago
_bThe University of Chicago Press
_c1958
300 _aiv
300 _b 385p.22cm.
650 _aSOCIAL SCIENCE
_914592
942 _2lcc
_cMONOGRAPH